| 000 | 00738nam a2200229Ia 4500 | ||
|---|---|---|---|
| 001 | 598 | ||
| 003 | GE_BSU | ||
| 008 | 181216s||||||||xx |||||||||||||| ||und|| | ||
| 020 | _a9992831057 | ||
| 040 | _cGE_BSU | ||
| 080 | _a94(100)(075.8) | ||
| 245 | _aახალი ისტორია 1640-1815 წლები.ნაკ.II. | ||
| 245 | _cრედ.გ.მანჯგალაძე | ||
| 260 | _aთბილისი | ||
| 260 | _bთბილისის უნივერსიტეტის გამ–ბა | ||
| 260 | _c1999 | ||
| 300 | _a208გვ. | ||
| 541 | _h7ლ. | ||
| 653 | _aახალი ისტორია 1640-1815 წლები.ნაკ.II. | ||
| 653 | _aისტორია | ||
| 942 | _cBK | ||
| 999 |
_c34788 _d34788 |
||